000
00321nam a2200145Ia 4500
008
150201s2013 xx 000 0 und d
082
_a
616.462
_b
D13R
100
_a
RAMAN, PG.
245
_a
DIABETES PEANLS
250
_a
2ND
260
_b
PARAS
_a
INDIA
_c
2013
300
_a
1-559
650
_a
DIABETES
942
_2
ddc
_c
BK
999
_c
1755
_d
1755